000
00263nam a2200121Ia 4500
008
190216s9999||||xx |||||||||||||| ||und||
100
_a
Harben Singh
245
0
_a
Hindi-Bullshah
260
_b
Sahithya Accadamy
300
_a
166
650
_a
Hindi
942
_c
BK
999
_c
16250
_d
16250